000 00334nam a2200145Ia 4500
005 20251222152612.0
008 251222s9999||||xx |||||||||||||| ||spa||
020 _a8447009599
082 _a340/A45
100 _aAlonso Olea, Manuel
245 0 _aDerecho del Trabajo
250 _a15°.ed.
264 _bCivitas S.A.
942 _cLIB
999 _c27013
_d27013